| 000 | 00746nam a2200229 a 4500 | ||
|---|---|---|---|
| 001 | 000009897 | ||
| 003 | OSt | ||
| 005 | 20240412074213.0 | ||
| 008 | 091002s2002 dr a r 000 p spa d | ||
| 040 |
_aDO-SdBNP _bspa _cBNPHU |
||
| 082 | 4 |
_aRD861.44 _bC957a _222 |
|
| 100 | 1 |
_aCruz Miniño, Milagros Altagracia _911818 |
|
| 245 | 1 | 0 |
_aAlto vuelo de gaviota / _cMilagros Altagracia Cruz Miniño. |
| 260 |
_aSanto Domingo : _bBúho, _c2002. |
||
| 300 |
_a92 p. : _bil. ; _c23 cm. |
||
| 500 | _aIncluye datos biográficos del autor en la solapa de la cubierta. | ||
| 590 | _aInventariado, 2018/BT | ||
| 650 | 0 |
_aPoesía dominicana _966 |
|
| 650 | 0 |
_aLiteratura dominicana. _967 |
|
| 910 | _aValidado. Control de calidad. MMOLINA | ||
| 942 |
_2ddc _cLBS1 |
||
| 999 |
_c9656 _d9656 |
||